|
|
|
|
| LEADER |
00000nab a2200000 ar4500 |
| 001 |
vtls009006015 |
| 003 |
SK-MaSNL |
| 005 |
20260303065722.0 |
| 008 |
070630c19750305xo zr|||||||||000 b|slo |
| 015 |
|
|
|a SNBRB2007/07
|2 snkbucl
|
| 038 |
|
|
|a SNKBUCL
|
| 040 |
|
|
|a SNKBUCL
|b slo
|c SNKBUCL
|e AACR2
|
| 041 |
0 |
|
|a slo
|
| 044 |
|
|
|a xo
|c SK
|
| 080 |
|
|
|a 796.332
|2 2001
|
| 100 |
1 |
|
|a Hlaváček, Stanislav
|4 aut
|9 513606
|
| 245 |
1 |
0 |
|a Majstrovský Pohár majstrov
|b (Pohár európskych majstrov vo futbale v Düsseldorfe, Splite a v Simferopole)
|c Stanislav Hlaváček
|
| 650 |
0 |
7 |
|a futbal
|2 snkbucl
|9 3291
|
| 773 |
0 |
|
|t Šport
|g (5.3.1975), s. 5
|
| 852 |
|
|
|a SNK
|b KIS3GCP
|
| 958 |
|
|
|a SK
|
| 999 |
|
|
|c 1752344
|d 1754274
|